000 01226ngm a22002770a 4500
001 PT15527
003 AR-LpoUNG
005 20210202000157.0
007 vd cvaizq
008 191001s1988||||ag |||||||||||||||||eng d
037 _c$6.70
040 _aAR-LpoUNG
_bspa
_cAR-LpoUNG
_eaacr
041 _aeng
_aspa
044 _aag
082 0 _a302.1 237bag
100 1 _aAdlon, Percy
_edir.
245 1 0 _aBagdad café
260 _aBuenos Aires :
_bSuper Video,
_c[1988].
300 _aVHS (84 min.) : son., col.
505 0 _aMúsica: Bob Telson ; fotografía: Berna Heinl. - Diálogos en inglés, subtítulos en castellano
520 _aEn medio del desierto de Mohave (Estados Unidos), una mujer alemana, y su marido tienen una discusión. Ella se baja del coche, y llega a un bar de carretera, el Bagdag Cafe, se instala allí, y poco a poco, entabla amistad con los clientes habituales. Entre ellos se encuentra un antiguo decorador de Hollywood, empeñado en retratar a la alemana. Ésta consigue transformar el destartalado local en un lugar muy popular, donde cada noche, se dará cita numerosa clientela.
651 4 _aEstados Unidos de América
653 _aVIDEOS
905 _a15527
942 _cVIDEO
999 _c54258
_d54258